000 00576nam a2200193Ia 4500
003 GCL
008 140319s9999 xx 000 0 ara d
040 _aGCL /
_cGCL
082 0 4 _a959.2
_bم س
100 1 _aعبدالحق حامد
245 1 0 _aسنغافورة ومشروع اتحاد الملايو الكبرى /
_cعبدالحق حامد
700 1 _aمحيى الدين فوزى
700 1 _aعبدالحق جلال
300 _a63
490 _aكتب سياسية
_v0
650 0 4 _aسنغافورة
650 0 4 _aاتحاد الملايو
942 _2ddc
_cBK
999 _c47227
_d47227